To seek out new worlds (Record no. 86987)
[ view plain ]
| 000 -LEADER | |
|---|---|
| fixed length control field | 01299nam a2200337Ia 4500 |
| 082 04 - DEWEY DECIMAL CLASSIFICATION NUMBER | |
| Classification number | 809.3/8762 |
| 245 00 - TITLE STATEMENT | |
| Title | To seek out new worlds |
| 250 ## - EDITION STATEMENT | |
| Edition statement | 1st Palgrave Macmillan ed. |
| 260 ## - PUBLICATION, DISTRIBUTION, ETC. (IMPRINT) | |
| Place of publication | New York : |
| Name of publisher | Palgrave Macmillan, |
| Year of publication | 2003. |
| 300 ## - PHYSICAL DESCRIPTION | |
| Number of Pages | 230 p. |
| 650 #0 - SUBJECT ADDED ENTRY--TOPICAL TERM | |
| Topical Term | Science fiction |
| Topical Term | Science fiction |
| 700 1# - ADDED ENTRY--PERSONAL NAME | |
| Personal name | Weldes, Jutta. |
| 856 40 - ELECTRONIC LOCATION AND ACCESS | |
| Uniform Resource Identifier | http://site.ebrary.com/lib/rucke/Doc?id=10135691 |
No items available.
